000 00234nam a2200097Ia 4500
008 240331s9999 xx 000 0 und d
082 _bJAY
100 _aJayawardena, K
245 4 _aThe feminist challenge in the 18th century
942 _cL
999 _c1913
_d1913